000 00879cam a22002653a 4500
001 10815
003 PGUSA
005 20140828083229.0
008 040101s2004||||xxu|||||s|||||000 | eng d
040 _aPGUSA
_beng
042 _adc
050 4 _aJ
245 1 2 _aA Compilation of the Messages and Papers of the Presidents :
_bVolume 4, part 1: William Henry Harrison
_h[electronic resource]
260 _bProject Gutenberg,
_c2004
506 _aPublic domain in the USA.
516 _aElectronic text
653 _aUnited States -- History -- Sources
653 _aHarrison, William Henry, 1773-1841
653 _aPresidents -- United States
653 _aUnited States -- Politics and government
700 1 _aRichardson, James D.
_q(James Daniel),
_d1843-1914
830 0 _aProject Gutenberg
_v10815
856 4 0 _uhttp://www.gutenberg.org/ebooks/10815
942 _cEB
999 _c240070
_d240070